000 00582nam a22001817a 4500
003 NUST
005 20230516154516.0
008 230516b ||||| |||| 00| 0 eng d
015 _qHard Cover.
038 _aNoman
082 _a004
_bAHM
100 _aTayyab Ahmed Malik.
_9112391
245 _aAerodynamics & Flight Stability of Blended-Wing-Body Aircraft:
_bIn-Ground Effects /
_cMalik, Tayyab Ahmed
260 _aIslamabad:
_bSINES-NUST,
_cApril, 2023.
300 _a84 p. :
_bill. ;
_c35cm.
600 _xMS-Computational Science and Engineering.
_9112392
942 _2ddc
_cTHE
999 _c594776
_d594776